000 00805nam a2200241Ia 4500
003 GCL
008 140319s9999 xx 000 0 ara d
040 _aGCL /
_cGCL
082 0 4 _a362.743
_bم ى
100 1 _aمحمد مصطفى احمد
245 1 0 _aالتكيف والمشكلات المدرسة من منظور الخدمة الاجتماعية /
_cمحمد مصطفى احمد
260 _a[S.N] :
_bالمكتب الجامعى الحديث
300 _a432
490 _a
650 0 4 _aالخدمة الاجتماعية
650 0 4 _aعلم النفس التربوى
650 0 4 _aالتربويون المصريون
650 0 4 _aالمدارس
650 0 4 _aالسلوك الاجتماعى
650 0 4 _aخدمة الجماعة
650 0 4 _aالمدرسون
942 _2ddc
_cBK
999 _c58947
_d58947